20 países aleatorios en un mapa del mundo - Estadísticas

Estadísticas generales
  • Esta prueba ha sido intentada 402 veces
    396 desde el último reinicio
  • La puntuación promedio es 17 de 20
Respuestas en el mapa
Las respuestas están codificadas por una escala verde-roja en el mapa de la prueba según el % correcto abajo.
 
Estadísticas de respuestas
Respuesta % Correcto
Australia
100%
Bahamas
100%
Bélgica
100%
Belice
100%
Bolivia
100%
Brasil
100%
Camboya
100%
Canadá
100%
Chile
100%
China
100%
Colombia
100%
Corea del Norte
100%
Corea del Sur
100%
Dinamarca
100%
Ecuador
100%
El Salvador
100%
Estados Unidos
100%
Estonia
100%
Etiopía
100%
Francia
100%
Grecia
100%
Guinea Ecuatorial
100%
Guyana
100%
Honduras
100%
Hungría
100%
India
100%
Indonesia
100%
Irak
100%
Irán
100%
Islandia
100%
Israel
100%
Jamaica
100%
Jordania
100%
Kazajistán
100%
Lituania
100%
Madagascar
100%
Mauricio
100%
México
100%
Micronesia
100%
Mongolia
100%
Montenegro
100%
Nicaragua
100%
Nigeria
100%
Nueva Zelanda
100%
Pakistán
100%
Papúa Nueva Guinea
100%
Paraguay
100%
Perú
100%
Portugal
100%
Reino Unido
100%
República Democrática del Congo
100%
República Dominicana
100%
Rumanía
100%
Rusia
100%
Sri Lanka
100%
Sudáfrica
100%
Sudán
100%
Tailandia
100%
Taiwán
100%
Túnez
100%
Turquía
100%
Uruguay
100%
Uzbekistán
100%
Argentina
95%
Cuba
95%
Irlanda
95%
Yemen
95%
Alemania
94%
Egipto
94%
Eslovenia
94%
Letonia
94%
Comoras
93%
Filipinas
93%
Finlandia
93%
Moldavia
93%
Polonia
93%
Somalia
93%
Venezuela
93%
Cabo Verde
92%
Costa Rica
92%
España
92%
Georgia
92%
Maldivas
92%
Noruega
92%
Serbia
92%
Suecia
92%
Tayikistán
92%
Angola
91%
Armenia
91%
Laos
91%
Austria
90%
Chipre
90%
Senegal
90%
Ucrania
90%
Albania
89%
Birmania
89%
Eslovaquia
89%
Haití
89%
Malasia
89%
Trinidad y Tobago
89%
Arabia Saudita
88%
Argelia
88%
Camerún
88%
Croacia
88%
Italia
88%
Kiribati
88%
Kosovo
88%
Luxemburgo
88%
Malta
88%
Marruecos
88%
Mauritania
88%
República Centroafricana
88%
Tonga
88%
Afganistán
87%
Bielorrusia
87%
Bosnia y Herzegovina
87%
Japón
87%
Nepal
87%
Chad
86%
Guatemala
86%
Libia
86%
Panamá
86%
Sudán del Sur
86%
Bulgaria
85%
Kenia
85%
Kuwait
85%
Benín
84%
Eritrea
83%
Fiyi
83%
Ghana
83%
Kirguistán
83%
Omán
83%
Samoa
83%
Bután
82%
Macedonia del Norte
82%
Santo Tomé y Príncipe
82%
Suiza
82%
Zimbabue
82%
Bangladés
81%
Emiratos Árabes Unidos
81%
Países Bajos
81%
Surinam
81%
Malí
80%
Togo
80%
Uganda
80%
Zambia
80%
Lesoto
79%
República del Congo
78%
Catar
77%
Sierra Leona
77%
Azerbaiyán
76%
Botsuana
75%
Burkina Faso
75%
Gabón
75%
Guinea
75%
Islas Marshall
75%
Líbano
75%
Malaui
75%
Palestina
75%
Seychelles
75%
Siria
75%
Liberia
74%
Burundi
73%
Ruanda
73%
Turkmenistán
73%
Tuvalu
73%
Mozambique
71%
Namibia
71%
Timor Oriental
70%
Vietnam
70%
Suazilandia
67%
Tanzania
67%
Vanuatu
67%
Andorra
64%
Costa de Marfil
60%
Níger
60%
Nauru
59%
Palaos
58%
Islas Salomón
56%
Yibuti
54%
Brunéi
50%
Chequia
50%
Santa Lucía
50%
Dominica
42%
Gambia
42%
Guinea-Bisáu
29%
San Cristóbal y Nieves
29%
Baréin
27%
Antigua y Barbuda
25%
Granada
25%
Barbados
21%
San Vicente y las Granadinas
18%
Ciudad del Vaticano
17%
Mónaco
15%
San Marino
15%
Liechtenstein
14%
Singapur
9%
No se encontraron pruebas coincidentes
Distribución de puntuación
Porcentaje de gente con cada puntuación
Porcentaje por número respondido
Historial de tus puntuaciones
No has intentado esta prueba desde el último reinicio